<?xml version="1.0" encoding="UTF-8"?>
<record
    xmlns:xsi="http://www.w3.org/2001/XMLSchema-instance"
    xsi:schemaLocation="http://www.loc.gov/MARC21/slim http://www.loc.gov/standards/marcxml/schema/MARC21slim.xsd"
    xmlns="http://www.loc.gov/MARC21/slim">

  <leader>03589nam a2200577Ia 4500</leader>
  <controlfield tag="001">838</controlfield>
  <controlfield tag="008">241029s9999    xx            000 0 und d</controlfield>
  <datafield tag="010" ind1=" " ind2=" ">
    <subfield code="a">761</subfield>
  </datafield>
  <datafield tag="041" ind1=" " ind2=" ">
    <subfield code="a">Espa&#xF1;ol</subfield>
  </datafield>
  <datafield tag="082" ind1=" " ind2=" ">
    <subfield code="a">NO APLICA</subfield>
  </datafield>
  <datafield tag="245" ind1=" " ind2="0">
    <subfield code="a">Evaluaci&#xF3;n de la gesti&#xF3;n administrativa de los directores egresados del primer programa de Maestr&#xED;a en Gesti&#xF3;n de Centros desarrollado en el Instituto Superior de Formaci&#xF3;n de Docente Salom&#xE9; Ure&#xF1;a Recinto Emilio Prud` Homme de Santiago de los Caballeros 2007-2008</subfield>
  </datafield>
  <datafield tag="260" ind1=" " ind2=" ">
    <subfield code="a">Santiago</subfield>
  </datafield>
  <datafield tag="300" ind1=" " ind2=" ">
    <subfield code="a">69</subfield>
  </datafield>
  <datafield tag="520" ind1=" " ind2=" ">
    <subfield code="a">30</subfield>
  </datafield>
  <datafield tag="630" ind1=" " ind2=" ">
    <subfield code="a">Competencia Docente</subfield>
  </datafield>
  <datafield tag="630" ind1=" " ind2=" ">
    <subfield code="a">Egresados</subfield>
  </datafield>
  <datafield tag="630" ind1=" " ind2=" ">
    <subfield code="a">Gesti&#xF3;n</subfield>
  </datafield>
  <datafield tag="630" ind1=" " ind2=" ">
    <subfield code="a">Gesti&#xF3;n Escolar</subfield>
  </datafield>
  <datafield tag="630" ind1=" " ind2=" ">
    <subfield code="a">Liderazgo</subfield>
  </datafield>
  <datafield tag="650" ind1=" " ind2=" ">
    <subfield code="a">Gesti&#xF3;n Educativa</subfield>
  </datafield>
  <datafield tag="690" ind1=" " ind2=" ">
    <subfield code="a">Elaborado</subfield>
  </datafield>
  <datafield tag="700" ind1=" " ind2=" ">
    <subfield code="e">asesor</subfield>
    <subfield code="a">Burgos , Rosas Francia</subfield>
  </datafield>
  <datafield tag="700" ind1=" " ind2=" ">
    <subfield code="e">autor</subfield>
    <subfield code="a">Ramos Acevedo, Amauri de Jes&#xFA;s</subfield>
  </datafield>
  <datafield tag="700" ind1=" " ind2=" ">
    <subfield code="e">autor</subfield>
    <subfield code="a">P&#xE9;rez Hierro, Alba Cecilia </subfield>
  </datafield>
  <datafield tag="901" ind1=" " ind2=" ">
    <subfield code="a">{"1":"Ramos Acevedo","2":"P&#xE9;rez Hierro"}</subfield>
    <subfield code="b">{"1":"Amauri de Jes&#xFA;s","2":"Alba Cecilia "}</subfield>
  </datafield>
  <datafield tag="902" ind1=" " ind2=" ">
    <subfield code="a">1</subfield>
  </datafield>
  <datafield tag="903" ind1=" " ind2=" ">
    <subfield code="a">{"1":"Burgos "}</subfield>
    <subfield code="b">{"1":"Rosas Francia"}</subfield>
  </datafield>
  <datafield tag="904" ind1=" " ind2=" ">
    <subfield code="a">Mag&#xED;ster en</subfield>
  </datafield>
  <datafield tag="905" ind1=" " ind2=" ">
    <subfield code="a">Educaci&#xF3;n Superior</subfield>
  </datafield>
  <datafield tag="906" ind1=" " ind2=" ">
    <subfield code="a">2</subfield>
  </datafield>
  <datafield tag="907" ind1=" " ind2=" ">
    <subfield code="a">NO APLICA</subfield>
  </datafield>
  <datafield tag="908" ind1=" " ind2=" ">
    <subfield code="a">NO APLICA</subfield>
  </datafield>
  <datafield tag="909" ind1=" " ind2=" ">
    <subfield code="a">Universidad Aut&#xF3;noma de Santo Domingo (UASD)</subfield>
  </datafield>
  <datafield tag="910" ind1=" " ind2=" ">
    <subfield code="a">NULL</subfield>
    <subfield code="b">NULL</subfield>
  </datafield>
  <datafield tag="911" ind1=" " ind2=" ">
    <subfield code="a">["1"]</subfield>
  </datafield>
  <datafield tag="912" ind1=" " ind2=" ">
    <subfield code="a">NO APLICA</subfield>
  </datafield>
  <datafield tag="913" ind1=" " ind2=" ">
    <subfield code="a">NULL</subfield>
  </datafield>
  <datafield tag="914" ind1=" " ind2=" ">
    <subfield code="a">02 de Abril de 2012</subfield>
  </datafield>
  <datafield tag="915" ind1=" " ind2=" ">
    <subfield code="a">06/07/15 11:07</subfield>
  </datafield>
  <datafield tag="916" ind1=" " ind2=" ">
    <subfield code="a">NULL</subfield>
  </datafield>
  <datafield tag="917" ind1=" " ind2=" ">
    <subfield code="a">NULL</subfield>
  </datafield>
  <datafield tag="918" ind1=" " ind2=" ">
    <subfield code="a">NO APLICA</subfield>
  </datafield>
  <datafield tag="919" ind1=" " ind2=" ">
    <subfield code="a">["35","85","111","201","131"]</subfield>
  </datafield>
  <datafield tag="520" ind1=" " ind2=" ">
    <subfield code="a">El presente estudio trata sobre la evaluaci&#xF3;n de la Gesti&#xF3;n Administrativa &#xA0;de los Directores &#xA0;Egresados del Primer Programa de Maestr&#xED;a de Gesti&#xF3;n &#xA0;de Centros desarrollado en el Instituto Superior de Formaci&#xF3;n Docente &#xA0;Salome Ure&#xF1;a &#xA0;Recinto Emilio Prud&#xB4;Homme de Santiago de los Caballeros, 2007-2008. El mismo pretende evaluar la gesti&#xF3;n administrativa, &#xA0;as&#xED; como el tipo de Liderazgo, las competencias y los lineamientos de acci&#xF3;n utilizados por estos gerentes educativos. El dise&#xF1;o utilizado en este estudio corresponde al m&#xE9;todo inductivo. La poblaci&#xF3;n objeto en esta investigaci&#xF3;n la constituy&#xF3; 38 Gerentes Educativos, 364 Docentes y 157 Personal Administrativo. En esta investigaci&#xF3;n se emplearon las t&#xE9;cnicas del cuestionario y el an&#xE1;lisis; se parti&#xF3; de una muestra de 12 directores, 156 docentes y 49 administrativos. &#xA0; Los an&#xE1;lisis &#xA0;realizados indican que &#xA0;46% de los docentes y administrativo afirman que el director delega autoridad al subordinado, en lo referente a la resoluci&#xF3;n de conflictos y necesidades del centro educativo, el 56% destaca puntualmente que su director resuelve de forma r&#xE1;pida y eficiente estos conflictos, el 91.2% de los cuestionados encasilla a su director como promotor e iniciador de los cambios e innovaciones que exige la sociedad actual, en relaci&#xF3;n al asunto de libertad y poder en las funciones que desempe&#xF1;an los miembros en el plantel educativo, el 86.8% de los encuestados resalta tener en gran escala su propio espacio de desarrollo creativo en la labor que desempe&#xF1;a.Las evidencias muestran la plenitud de las capacidades de los gestores al dirigir los diferentes Centros Educativos luego de cursar el Primer Programa de Maestr&#xED;a en Gesti&#xF3;n de Centros Educativos&#xA0; desarrollado en el Instituto Superior de Formaci&#xF3;n Docente Salom&#xE9; Ure&#xF1;a Recinto Emilio Prud&#xB4;Homme &#xA0;de Santiago de los Caballeros, 2007-2008.&#xA0;</subfield>
  </datafield>
  <datafield tag="921" ind1=" " ind2=" ">
    <subfield code="a">16</subfield>
  </datafield>
  <datafield tag="922" ind1=" " ind2=" ">
    <subfield code="a">16</subfield>
  </datafield>
  <datafield tag="923" ind1=" " ind2=" ">
    <subfield code="a">0</subfield>
  </datafield>
  <datafield tag="924" ind1=" " ind2=" ">
    <subfield code="a">NO APLICA</subfield>
  </datafield>
  <datafield tag="942" ind1=" " ind2=" ">
    <subfield code="c">Tesis</subfield>
  </datafield>
  <datafield tag="999" ind1=" " ind2=" ">
    <subfield code="c">761</subfield>
    <subfield code="d">761</subfield>
  </datafield>
</record>
